000 00359 a2200169 4500
001 45243
020 _a8532252141
040 _cAnchieta - Aquarius
100 _aRocha, Ruth
240 1 0 _aA máquina maluca
_lpor
245 1 0 _aA máquina maluca
300 _a29
362 0 _a2004
440 1 _aFTD
650 4 _aLiteratura infanto-juvenil
942 _cBK
999 _c45243
_d45243